Statistics for Countries Losing the Most Population Over Time

Click here to take the quiz!

General Stats

  • This quiz has been taken 16 times
    (6 since last reset)
  • The average score is 13 of 15

Answer Stats

CountryHome ContinentPopulation Loss% Correct
FranceEurope82,194,214 (since 1938)
100%
ItalyEurope13,836,138 (since 1941)
100%
PortugalEurope17,027,210 (since 1975)
100%
RussiaEurope142,286,460 (since 1989)
100%
UkraineEurope24,762,296 (since 1992)
100%
United KingdomEurope537,518,536 (since 1946)
100%
AustriaEurope52,384,403 (since 1917)
80%
BelgiumEurope18,547,860 (since 1960)
80%
Czech RepublicEurope5,123,705 (since 1992)
80%
GermanyEurope196,305,367 (since 1943)
80%
HungaryEurope8,791,882 (since 1919)
80%
NetherlandsEurope66,542,277 (since 1949)
80%
RomaniaEurope2,949,670 (since 1991)
80%
SerbiaEurope16,508,546 (since 1990)
80%
JapanAsia340,382,487 (since 1943)
60%

Score Distribution

Percentile by Number Answered

Percent of People with Each Score

Your Score History

You have not taken this quiz since the last reset